Statistiques concernant Sélection de Tuiles Aléatoires - Couleurs des Drapeaux

Cliquez ici pour prendre le quiz!

Statistiques générales

  • Ce quiz a été pris 10 485 fois
  • Le résultat moyen est 36 sur 48

Statistiques - réponses

QuestionTuileSelect% Correct
du Royaume-UniBleuOui
97%
du Royaume-UniJaune / OrangeNon
97%
du Royaume-UniVertNon
97%
du Royaume-UniBlancOui
96%
de la ChineBleuNon
96%
du Royaume-UniRougeOui
96%
de la ChineVertNon
96%
de la Corée du SudVertNon
96%
de la Corée du SudBlancOui
95%
de l'ArgentineBleuOui
95%
de la Corée du SudJaune / OrangeNon
95%
du Royaume-UniNoirNon
95%
de la ChineNoirNon
95%
de l'IrlandeNoirNon
95%
de l'ArgentineRougeNon
95%
de la ChineRougeOui
95%
de l'ArgentineVertNon
95%
du MarocBleuNon
94%
du CanadaBleuNon
94%
de la BelgiqueBleuNon
94%
du CanadaJaune / OrangeNon
94%
du CanadaNoirNon
94%
de l'UkraineNoirNon
94%
de l'UkraineRougeNon
94%
de la Corée du SudRougeOui
94%
du BrésilVertOui
94%
de la BelgiqueVertNon
94%
de l'ArgentineBlancOui
93%
de l'AllemagneBleuNon
93%
de l'ItalieNoirNon
93%
de l'ArgentineNoirNon
93%
du MarocRougeOui
93%
du BrésilRougeNon
93%
du CanadaRougeOui
93%
de l'UkraineVertNon
93%
du CanadaVertNon
93%
de l'ItalieVertOui
93%
de l'AllemagneVertNon
93%
de l'UkraineBlancNon
92%
du CanadaBlancOui
92%
de l'IrlandeBleuNon
92%
de l'UkraineBleuOui
92%
de l'ItalieBleuNon
92%
de l'ItalieJaune / OrangeNon
92%
de l'AllemagneNoirOui
92%
de la SuèdeVertNon
92%
de l'ItalieBlancOui
91%
de la BelgiqueBlancNon
91%
de l'AustralieBleuOui
91%
de l'Arabie SaouditeBleuNon
91%
de la RoumanieNoirNon
91%
de la SuèdeNoirNon
91%
de la BelgiqueNoirOui
91%
de l'AllemagneRougeOui
91%
des États-UnisRougeOui
91%
de la BelgiqueRougeOui
91%
de la RussieRougeOui
91%
de la JamaïqueVertOui
91%
des États-UnisVertNon
91%
de l'IrlandeVertOui
91%
de l'AustralieVertNon
91%
de la NorvègeVertNon
91%
de l'IrlandeBlancOui
90%
des États-UnisBleuOui
90%
de la JamaïqueBleuNon
90%
de l'AllemagneJaune / OrangeOui
90%
de l'Arabie SaouditeJaune / OrangeNon
90%
de l'UkraineJaune / OrangeOui
90%
de la RussieJaune / OrangeNon
90%
de la BelgiqueJaune / OrangeOui
90%
de la RussieNoirNon
90%
des États-UnisNoirNon
90%
de l'AlbanieRougeOui
90%
de l'AlbanieVertNon
90%
de la RussieVertNon
90%
des États-UnisBlancOui
89%
de la ChineBlancNon
89%
de l'AllemagneBlancNon
89%
de la SuèdeBleuOui
89%
de l'AlbanieBleuNon
89%
de la NorvègeJaune / OrangeNon
89%
du MarocNoirNon
89%
de l'IrlandeRougeNon
89%
de l'ItalieRougeOui
89%
de l'Afrique du SudVertOui
89%
de la RussieBlancOui
88%
du MarocBlancNon
88%
de la RoumanieBlancNon
88%
de la RussieBleuOui
88%
des États-UnisJaune / OrangeNon
88%
de la BulgarieNoirNon
88%
de l'AustralieNoirNon
88%
de la RoumanieRougeOui
88%
de la SuèdeRougeNon
88%
de la NorvègeRougeOui
88%
de la Nouvelle-ZélandeVertNon
88%
de l'Arabie SaouditeVertOui
88%
de l'AlbanieBlancNon
87%
du LibanBleuNon
87%
de la Nouvelle-ZélandeBleuOui
87%
de la BulgarieBleuNon
87%
de l'AlbanieJaune / OrangeNon
87%
de l'IrlandeJaune / OrangeOui
87%
de l'Arabie SaouditeRougeNon
87%
de la RoumanieVertNon
87%
de la BulgarieVertOui
87%
de la JamaïqueBlancNon
86%
de la RoumanieBleuOui
86%
de la Corée du SudBleuOui
86%
du NigeriaBleuNon
86%
de l'IndeJaune / OrangeOui
86%
de l'AustralieJaune / OrangeNon
86%
du LibanJaune / OrangeNon
86%
de la RoumanieJaune / OrangeOui
86%
du MarocJaune / OrangeNon
86%
de la GéorgieNoirNon
86%
de l'IndeRougeNon
86%
du LibanRougeOui
86%
de la Macédoine du NordVertNon
86%
de la GéorgieVertNon
86%
de la GéorgieBlancOui
85%
de l'AustralieBlancOui
85%
de la Macédoine du NordBleuNon
85%
du KenyaBleuNon
85%
du BrésilJaune / OrangeOui
85%
de la GéorgieJaune / OrangeNon
85%
de la République tchèqueJaune / OrangeNon
85%
de la Nouvelle-ZélandeJaune / OrangeNon
85%
de la République tchèqueNoirNon
85%
de l'IndeNoirNon
85%
de la JamaïqueRougeNon
85%
de la République tchèqueVertNon
85%
de l'IndeVertOui
85%
du NigeriaVertOui
85%
de la GéorgieBleuNon
84%
de la ChineJaune / OrangeOui
84%
de la NorvègeNoirNon
84%
de SingapourNoirNon
84%
de la Macédoine du NordNoirNon
84%
de l'Afrique du SudRougeOui
84%
de la BulgarieRougeOui
84%
de SingapourVertNon
84%
de la Bosnie-HerzégovineVertNon
84%
de la NorvègeBlancOui
83%
du NigerBleuNon
83%
de la République tchèqueBleuOui
83%
de la BulgarieJaune / OrangeNon
83%
de la Macédoine du NordJaune / OrangeOui
83%
de la JamaïqueJaune / OrangeOui
83%
de la Bosnie-HerzégovineNoirNon
83%
de la République tchèqueRougeOui
83%
de l'AustralieRougeOui
83%
de la GéorgieRougeOui
83%
de la République tchèqueBlancOui
82%
de la BulgarieBlancOui
82%
de l'IndeBlancOui
82%
du BangladeshBleuNon
82%
de la Bosnie-HerzégovineBleuOui
82%
de SingapourBleuNon
82%
du PakistanBleuNon
82%
de la JamaïqueNoirOui
82%
de l'AlbanieNoirOui
82%
de SingapourRougeOui
82%
de la Nouvelle-ZélandeRougeOui
82%
du LibanBlancOui
81%
du BangladeshBlancNon
81%
de la SuèdeBlancNon
81%
de la LibyeBleuNon
81%
du VenezuelaJaune / OrangeOui
81%
de la SuèdeJaune / OrangeOui
81%
du PakistanJaune / OrangeNon
81%
du HondurasNoirNon
81%
du VenezuelaNoirNon
81%
du KazakhstanNoirNon
81%
du BrésilNoirNon
81%
du KenyaNoirOui
81%
du NigeriaNoirNon
81%
du LibanNoirNon
81%
du NigeriaRougeNon
81%
du BangladeshVertOui
81%
du HondurasVertNon
81%
de la Nouvelle-ZélandeBlancOui
80%
de SingapourJaune / OrangeNon
80%
du BangladeshJaune / OrangeNon
80%
du BangladeshNoirNon
80%
du NigerNoirNon
80%
de la Nouvelle-ZélandeNoirNon
80%
de la Bosnie-HerzégovineRougeNon
80%
du KenyaRougeOui
80%
du HondurasRougeNon
80%
du PakistanVertOui
80%
du NigeriaBlancOui
79%
de la Macédoine du NordBlancNon
79%
du HondurasBleuOui
79%
du NigeriaJaune / OrangeNon
79%
de l'Afrique du SudNoirOui
79%
de l'Arabie SaouditeNoirNon
79%
de la Macédoine du NordRougeOui
79%
de SingapourBlancOui
78%
du HondurasJaune / OrangeNon
78%
des PalaosNoirNon
78%
du KazakhstanRougeNon
78%
du KenyaVertOui
78%
du HondurasBlancOui
77%
du BrésilBleuOui
77%
de la Bosnie-HerzégovineJaune / OrangeOui
77%
du PakistanNoirNon
77%
de la SomalieNoirNon
77%
du NigerVertOui
77%
de l'Arabie SaouditeBlancOui
76%
du Burkina FasoBleuNon
76%
de la LibyeJaune / OrangeNon
76%
des SeychellesNoirNon
76%
du MarocVertOui
76%
de la NorvègeBleuOui
75%
des PalaosBleuOui
75%
de la SomalieJaune / OrangeNon
75%
du BangladeshRougeOui
75%
du KazakhstanVertNon
75%
du KazakhstanBlancNon
74%
de la Papouasie-Nouvelle-GuinéeBleuNon
74%
des SeychellesBleuOui
74%
de la Papouasie-Nouvelle-GuinéeRougeOui
74%
du PakistanRougeNon
74%
des PalaosRougeNon
74%
du NigerRougeNon
74%
des PalaosVertNon
74%
du LibanVertOui
74%
du GabonNoirNon
73%
de la SomalieRougeNon
73%
du GabonVertOui
73%
du PakistanBlancOui
72%
du KazakhstanBleuOui
72%
des SeychellesJaune / OrangeOui
72%
des SeychellesRougeOui
72%
du Burkina FasoVertOui
72%
de la Papouasie-Nouvelle-GuinéeVertNon
71%
des SeychellesVertOui
71%
du VenezuelaVertNon
71%
des PalaosBlancNon
70%
du VenezuelaBleuOui
70%
de la République démocratique du CongoBleuOui
70%
du KenyaJaune / OrangeNon
70%
des ComoresNoirNon
70%
de la République démocratique du CongoNoirNon
70%
du VenezuelaRougeOui
70%
du Sierra LeoneRougeNon
70%
de la République CentrafricaineVertOui
70%
du Burkina FasoBlancNon
69%
du KazakhstanJaune / OrangeOui
69%
de la SomalieVertNon
69%
de la BarbadeVertNon
69%
de l'ÉthiopieVertOui
69%
du NigerBlancOui
68%
de la SomalieBlancOui
68%
de la MauritanieBleuNon
68%
de la BirmanieNoirNon
68%
du Sierra LeoneNoirNon
68%
de la LibyeNoirOui
68%
du Burkina FasoRougeOui
68%
de la LibyeVertOui
68%
du GuyanaVertOui
68%
de la TanzanieVertOui
68%
de la SomalieBleuOui
67%
de l'ArgentineJaune / OrangeOui
67%
de NauruNoirNon
67%
de la Papouasie-Nouvelle-GuinéeNoirOui
67%
du Burkina FasoNoirNon
67%
de la LibyeRougeOui
67%
du Sierra LeoneVertOui
67%
du GabonBlancNon
66%
de l'Afrique du SudJaune / OrangeOui
66%
de la République CentrafricaineJaune / OrangeOui
66%
de la République CentrafricaineRougeOui
66%
de la BarbadeRougeNon
66%
du GuyanaBleuNon
65%
de la BirmanieBleuNon
65%
des Îles SalomonBleuOui
65%
de la BarbadeBleuOui
65%
de NauruRougeNon
65%
de NauruVertNon
65%
de la MauritanieVertOui
65%
de NauruBleuOui
64%
des Îles SalomonNoirNon
64%
du RwandaBlancNon
63%
de la BarbadeBlancNon
63%
de la MauritanieBlancNon
63%
de la TanzanieBlancNon
63%
du Sierra LeoneJaune / OrangeNon
63%
de la Papouasie-Nouvelle-GuinéeJaune / OrangeOui
63%
de la République démocratique du CongoJaune / OrangeOui
63%
de la Corée du SudNoirOui
63%
de la MauritanieNoirNon
63%
de l'AzerbaïdjanVertOui
63%
des ComoresVertOui
63%
du Sierra LeoneBleuOui
62%
du RwandaNoirNon
62%
de l'AzerbaïdjanJaune / OrangeNon
61%
du GabonJaune / OrangeOui
61%
de l'AzerbaïdjanNoirNon
61%
de l'ÉthiopieRougeOui
61%
de la MauritanieRougeOui
61%
de la République démocratique du CongoVertNon
61%
de l'ÉthiopieBlancNon
60%
de la BarbadeJaune / OrangeOui
60%
des PalaosJaune / OrangeOui
60%
de la République CentrafricaineNoirNon
60%
du GabonRougeNon
60%
de la BirmanieVertOui
60%
d'Antigua-et-BarbudaVertNon
60%
de Saint-Vincent-et-les-GrenadinesNoirNon
59%
de DjiboutiNoirNon
59%
de l'AzerbaïdjanRougeOui
59%
de la République démocratique du CongoRougeOui
59%
de la République démocratique du CongoBlancNon
58%
de la République CentrafricaineBleuOui
58%
de l'ÉthiopieJaune / OrangeOui
58%
d'Antigua-et-BarbudaRougeOui
58%
du BrésilBlancOui
57%
des SeychellesBlancOui
57%
de l'Afrique du SudBleuOui
57%
des ComoresJaune / OrangeOui
57%
de la BirmanieJaune / OrangeOui
57%
de l'ÉthiopieNoirNon
57%
du Burkina FasoJaune / OrangeOui
56%
de la TanzanieNoirOui
56%
de la BirmanieRougeOui
56%
des Îles SalomonRougeNon
56%
des ComoresBlancOui
55%
du Sierra LeoneBlancOui
55%
du GuyanaRougeOui
55%
de Saint-Vincent-et-les-GrenadinesBlancNon
54%
de Saint-Vincent-et-les-GrenadinesBleuOui
54%
du GabonBleuOui
54%
du RwandaRougeNon
54%
de DjiboutiVertOui
54%
de l'Afrique du SudBlancOui
53%
de DjiboutiBleuOui
53%
de l'AzerbaïdjanBleuOui
53%
du GuyanaJaune / OrangeOui
53%
du RwandaJaune / OrangeOui
53%
d'Antigua-et-BarbudaNoirOui
53%
du RwandaVertOui
53%
de DjiboutiBlancOui
52%
du VanuatuBlancNon
52%
de la Bosnie-HerzégovineBlancOui
52%
de DjiboutiJaune / OrangeNon
52%
de la TanzanieRougeNon
52%
de Saint-Vincent-et-les-GrenadinesRougeNon
52%
de Saint-Vincent-et-les-GrenadinesVertOui
52%
du RwandaBleuOui
51%
des ComoresBleuOui
51%
de NauruJaune / OrangeOui
51%
du NigerJaune / OrangeOui
51%
de Saint-Vincent-et-les-GrenadinesJaune / OrangeOui
50%
des ComoresRougeOui
50%
de NauruBlancOui
49%
d'Antigua-et-BarbudaJaune / OrangeOui
49%
de la République CentrafricaineBlancOui
48%
d'Antigua-et-BarbudaBleuOui
48%
de la TanzanieBleuOui
48%
de la MauritanieJaune / OrangeOui
48%
de la LibyeBlancOui
46%
des Îles SalomonJaune / OrangeOui
46%
de la TanzanieJaune / OrangeOui
46%
des Îles SalomonBlancOui
45%
de l'AzerbaïdjanBlancOui
45%
du VanuatuRougeOui
45%
du VanuatuVertOui
45%
du VanuatuJaune / OrangeOui
44%
d'Antigua-et-BarbudaBlancOui
42%
du VanuatuNoirOui
42%
du VanuatuBleuNon
41%
du KenyaBlancOui
40%
de la BirmanieBlancOui
40%
de la BarbadeNoirOui
39%
de l'ÉthiopieBleuOui
38%
des Îles SalomonVertOui
38%
du VenezuelaBlancOui
34%
de la Papouasie-Nouvelle-GuinéeBlancOui
34%
de DjiboutiRougeOui
32%
du GuyanaNoirOui
29%
du GuyanaBlancOui
26%
de l'IndeBleuOui
21%

Distribution des résultats

Percentile par nombre de réponses

% des personnes avec chaque résultat

Votre développement - résultats

Vous n’avez pas pris ce quiz